00573nam a22001817a 450000500170000001000150001702000230003202000260005503500130008103700130009408200110010710000270011824500580014526000410020327000700024430000360031450000410035020151016114709.0 aENG-113856 a8123774109c230.00 a9788123774107c230.00 aEN-97388 bDBAD/PUB a591.51 aNair, G.S.Unnikrishnan aStrange world of animals /cby G.S. Unnikrishnan Nair aNew DelhibNational Book Trustc2015 aNehru Bhawan, 5,Institutional Area, Phase -II,bNew Delhie110070 a223p. :c21cm(pbk)bcol. photos aIncludes bibliographical references